Държави по буква - Т - Statistics

General Stats
  • This quiz has been taken 84 times
  • The average score is 8 of 11
Answer Stats
Държава % Correct
Турция
89%
Туркменистан
88%
Таджикистан
84%
Тунис
77%
Танзания
75%
Тайван
68%
Тайланд
68%
Того
63%
Тринидад и Тобаго
57%
Тонга
46%
Тувалу
46%
No matching quizzes found
Score Distribution
Percent of People with Each Score
Percentile by Number Answered
Your Score History
You have not taken this quiz